00456nam a22001697a 450000500170000001000150001702000260003203500140005803700090007208200100008110000170009124500620010825000060017026000410017627000490021730000200026620241205170055.0 aENG-142856 c800.00a9789395276009 aEN-126388 bDBAD a230.2 aWilson, H.H. aKumara Sambhavam or the birth of war-god/cby H.H. Wilson a1 aVaranasibPrachya Vidya Bhawanc2023 aB5/25 Oudhgarvi, SonarpurabVaranasie221001 a186p.c23cm(Hb)